LIBRARY & INFORMATION CENTRE, KCAET, TAVANUR

ONLINE PUBLIC ACCESS CATALOGUE (OPAC)

Jigs and Fixtures (Record no. 14441)

MARC details
000 -LEADER
fixed length control field 00387nam a22001577a 4500
003 - CONTROL NUMBER IDENTIFIER
control field OSt
008 - FIXED-LENGTH DATA ELEMENTS--GENERAL INFORMATION
fixed length control field 250320b |||||||| |||| 00| 0 eng d
020 ## - INTERNATIONAL STANDARD BOOK NUMBER
ISBN 9780070680739
082 ## - DEWEY DECIMAL CLASSIFICATION NUMBER
Classification number 621.992
Item number JOS/JI
100 ## - MAIN ENTRY--AUTHOR NAME
Personal name Joshi,P.H
245 ## - TITLE STATEMENT
Title Jigs and Fixtures
250 ## - EDITION STATEMENT
Edition statement 3 rd
260 ## - PUBLICATION, DISTRIBUTION, ETC. (IMPRINT)
Place of publication New Delhi
Name of publisher Tata McGraw Hill Education Private Limited
Year of publication 2012
300 ## - PHYSICAL DESCRIPTION
Number of Pages 276
942 ## - ADDED ENTRY ELEMENTS (KOHA)
Koha item type Books
Holdings
Withdrawn status Lost status Damaged status Collection code Home library Current library Shelving location Date acquired Source of acquisition Cost, normal purchase price Full call number Accession Number Koha item type
        KAUAET KAUAET General Stacks 30/03/2013 Aman Book Stall, Calicut 365.00 621.992 JOS/JI 24070 Books
free website counter